00313nam a2200097Ia 4500008004100000082001500041100006200056245004600118260003900164300001200203191014s9999 xx 000 0 und d a361.6bMOO aAlexander M. Mood, Franklin A. Graybill and Duane C. Boes 0aIntroduction to the Theory of Statistics  aPakistanbNational Books Fundation aXvi,564